U.S. defense policy /

Bibliographic Details
Other Authors: Kojm, Christopher A.
Format: Book
Language:English
Published: New York : H.W. Wilson Co., 1982.
Series:Reference shelf ; v. 54, no. 2.
Subjects:

MARC

Tag First Indicator Second Indicator Subfields
LEADER 00000pam a2200000 a 4500
001 in00000090278
005 20151008065653.0
008 820218s1982 nyu b 00000 eng
010 |a  82002631  
020 |a 0824206665 (pbk.) :  |c $6.25 
035 |a (OCoLC)08223042 
035 |9 AAK6367AM 
039 0 |a 2  |b 3  |c 3  |d 3  |e 3 
040 |a DLC  |c DLC  |d TXA  |d UtOrBLW 
043 |a n-us--- 
049 |a TXAM  |c [1673575] 
050 0 0 |a UA23  |b .U17 1982 
245 0 0 |a U.S. defense policy /  |c edited by Christopher A. Kojm. 
264 1 |a New York :  |b H.W. Wilson Co.,  |c 1982. 
300 |a 224 pages ;  |c 19 cm. 
336 |a text  |b txt  |2 rdacontent 
337 |a unmediated  |b n  |2 rdamedia 
338 |a volume  |b nc  |2 rdacarrier 
490 1 |a The Reference shelf ;  |v v. 54, no. 2 
504 |a Bibliography: pages 215-224. 
651 0 |a United States  |x Military policy. 
700 1 |a Kojm, Christopher A. 
830 0 |a Reference shelf ;  |v v. 54, no. 2. 
999 |a MARS 
999 f f |s cc43441a-e6f1-34c9-bf67-46fd6a491a07  |i d0bf9df9-dc62-311b-8746-c2e0565870c1  |t 0 
952 f f |p ric  |a Texas A&M University  |b Rellis Campus  |c Joint Library Facility  |d Remote Storage  |t 0  |e UA23 .U17 1982  |h Library of Congress classification  |i unmediated -- volume  |m A14806001297 
998 f f |a UA23 .U17 1982  |t 0  |l Remote Storage